| 000 | 00692nam a2200229Ia 4500 | ||
|---|---|---|---|
| 003 | OSt | ||
| 005 | 20220926021521.0 | ||
| 006 | a|||||r|||| 00| 0 | ||
| 007 | ta | ||
| 008 | 220923b |||||||| |||| 00| 0 eng d | ||
| 037 | _cGeneral Book | ||
| 040 |
_aRTL _cRTL _beng |
||
| 041 |
_2eng _aeng |
||
| 082 | _aX:54.1(z)n,N77, L8.8 | ||
| 110 |
_aUNITED NATION, INTERNATIONAL TRADELAW (Commission on--) _9326336 |
||
| 245 | 0 | _aYear book | |
| 260 |
_aNew York _bUnited Nation _c1978 |
||
| 300 |
_aiv,315p _ccm. |
||
| 700 |
_aUNITED NATION, INTERNATIONAL TRADELAW (Commission on--) _9326337 |
||
| 942 |
_hX:54.1(z)n,N77, L8.8 _cGB _2CC |
||
| 999 |
_c636999 _d636999 |
||